000 00535nam a2200205Ia 4500
003 GCL
008 140319s9999 xx 000 0 eng d
040 _aGCL /
_cGCL
082 0 4 _a895.6
_bP T
100 1 _aPUETTE WILLIAM J
245 1 0 _aTHE TALE OF GENJI /
_cPUETTE WILLIAM J
700 1 _aSHIKIBA, MURASAKI
260 _a[S.N] :
_bCHARLES E. TUTTLE COMPANY ،
_c1983
300 _a196 P
490 _aREADER'S GUIDE
_v0
650 0 4 _aJAPAN
650 0 4 _aJAPAN - LITERATURE
650 0 4 _aLITERATURE - JAPAN
942 _2ddc
_cBK
999 _c19617
_d19617